Adolescents de fictions en images - Statistiques

Statistiques générales
  • Ce quiz a été pris 126 fois
  • Le résultat moyen est 8 sur 20
Statistiques - réponses
Par images Réponse % Correct
Harry Potter
100%
Mercredi Addams
97%
Alex
73%
Bella Swan
59%
Marinette Dupain-Cheng
55%
Marty McFly
55%
Martin Mystère
48%
Mirabel Madrigal
46%
Miles Morales
39%
Morty Smith
39%
Izuku Midoriya
31%
Eddie Munson
29%
Tanjiro Kamado
29%
Victoire Beretton
29%
Tamara
26%
Steve Urkel
11%
Wendy Corduroy
11%
Beth Greene
10%
Maxine Caulfield
8%
Mitsuha Miyamizu
2%
Aucun quiz correspondant
Distribution des résultats
% des personnes avec chaque résultat
Percentile par nombre de réponses
Votre historique - résultats
Vous n’avez pas pris ce quiz